| 000 | 00658nam a2200193 a 4500 | ||
|---|---|---|---|
| 005 | 20140412111300.0 | ||
| 008 | 000818s19uu xx 00 eng d | ||
| 020 | _a0-689-71334-7 | ||
| 050 |
_aTR(PS E _bBe35 1971 |
||
| 100 | _aCohen, Miriam | ||
| 245 |
_aBest friends / _cstory by Miriam Cohem ; pictures by Lillian Hoban. |
||
| 250 | _a1st Aladdin Books ed. | ||
| 260 |
_aNew York : _bAladdin Books, _c1971. |
||
| 300 | _a1 v. (unp.) ; ill. | ||
| 520 | _aAt the beginning of the day, Jim and Paul are almost best friends-and after a series of mix-ups, almost enemies! | ||
| 650 | _aFriendship-Fiction | ||
| 650 | _aSchools-Fiction | ||
| 999 |
_c103348 _d103348 |
||